[Event "11th Mumbai Mayors Cup 2018"]
[Site "Mumbai"]
[Date "2018.06.06"]
[Round "6"]
[White "Erigaisi Arjun"]
[Black "Tran, Tuan Minh"]
[Result "1/2-1/2"]
[WhiteElo "2505"]
[BlackElo "2514"]
[Annotator "TA"]
[PlyCount "109"]
[EventDate "2018.??.??"]
[EventType "swiss"]
[EventCountry "IND"]
[SourceTitle "playchess.com"]
[Source "ChessBase"]
[SourceQuality "1"]

{[%evp 13,109,14,16,-25,-25,-25,-23,-24,-23,-20,-9,-35,-9,-37,-32,-31,-12,-67,-18,-29,-29,-43,-43,-33,8,8,37,-17,-9,0,0,-78,-12,-99,-72,-60,-14,-12,0,0,0,0,0,0,0,0,0,-75,-68,-71,0,-5,0,0,0,0,0,0,0,0,148,83,197,124,124,0,0,0,0,0,0,0,0,0,0,0,0,0,0,0,0,0,0,0,0,0,0,0,0,0,0,0,0,0,0,0,0,0]} 1. Nf3 Nf6 2. c4 b6 3. g3 Bb7 4. Bg2 e6 5. O-O Be7 6. Nc3 O-O 7. Re1 d5 8. d4 {A17: English Opening: 1...Nf6 with ...Bb4} (8. cxd5 exd5 9. d4 Re8 10. Bf4 h6 11. Ne5 Nbd7 12. Qa4 Nf8 13. Nc6 Qd7 14. Nxe7+ Rxe7 15. Qxd7 Rxd7 16. Bh3 Re7 17. Nb5 {1-0 (66) So,W (2810)-Jobava,B (2687) Tbilisi 2017}) 8... dxc4 9. Qa4 a6 10. Qxc4 {Black has an edge.} b5 {[%cal Bb6b5,Bb5b4][%mdl 32]} 11. Qd3 $146 ({Predecessor:} 11. Qb3 c5 12. Rd1 Nbd7 13. dxc5 Bxc5 14. Ne5 Bxg2 15. Kxg2 Qb6 16. Nxd7 Nxd7 17. Ne4 Qc6 18. f3 Be7 19. Bf4 Rac8 20. Bd6 Bxd6 21. Rxd6 {1-0 (66) Miroshnichenko,E (2548)-Gavrilov,A (2455) St Petersburg 2002}) 11... c5 12. Bg5 Nbd7 13. Rad1 h6 14. Bxf6 Nxf6 15. e4 (15. dxc5 $11 Bxc5 16. Qxd8 Rfxd8 17. Ne5 Bxg2 18. Kxg2) 15... b4 16. Na4 cxd4 17. Nxd4 Qa5 18. b3 Rfd8 19. e5 Nd5 {[#]} 20. Qe2 ({White should try} 20. Nxe6 $1 $14 {[%mdl 512]} Nc3 (20... fxe6 21. Qg6) 21. Nxd8 Rxd8 22. Qc2 (22. Bxb7 Rxd3 23. Rxd3 Qb5 $17) 22... Rxd1 23. Rxd1 Nxd1 24. Bxb7) 20... Rd7 21. Qg4 {Hoping for Nxe6!} Rad8 22. Be4 {[#]} (22. Nxe6 $1 $11 fxe6 23. Be4) 22... Bc5 (22... h5 $1 $17 {[%cal Rh5g4][%mdl 512]} 23. Qf3 (23. Qxh5 $2 Nf6 $19) 23... g6) 23. h4 (23. Nxe6 $1 $11 fxe6 24. Qxe6+ Kf8 25. Nxc5 Qxc5 26. Qg4) 23... Bxd4 24. Rxd4 Bc6 (24... Nc3 $5 {[%cal Rd7d4]} 25. Rxd7 Rxd7 26. Bxb7 Rxb7 $17) 25. Red1 $1 Nc3 26. Rxd7 $1 (26. Bxc6 $2 Rxd4 27. Rxd4 Rxd4 $19) 26... Bxd7 27. Nxc3 bxc3 28. Qe2 Bb5 29. Qc2 Rc8 30. Rd6 (30. Bb7 $11 {keeps the balance.} Rc5 31. Be4) 30... Be8 $1 $17 31. Qe2 Qxe5 (31... Qb5 $17 32. Qxb5 axb5) 32. Qxa6 $11 ({Avoid the trap} 32. Bh7+ $2 Kxh7 33. Qxe5 c2 $19) 32... Rb8 (32... Rc5 $5 33. Bc2 $8 Rd5 34. Rxd5 exd5 $11) 33. Bc2 $1 Bb5 {[#]} 34. Qb6 $1 {[%cal Rb6b8][%mdl 512]} Rf8 (34... Rxb6 35. Rd8+) 35. Rd8 {Threatening a4.} g6 36. a4 Be2 (36... Qe2 $11) 37. Qd4 (37. f4 $142 Qh5 38. Qd6 (38. Rxf8+ Kxf8 39. b4 Qf3 $16) 38... Rxd8 39. Qxd8+ Kg7 40. Qd4+ Kg8 41. Qxc3) 37... Qc7 {[#]} (37... Qxd4 $16 38. Rxd4 Rc8) 38. Rxf8+ ({Better is} 38. Rd7 $1 $18 {[%cal Rd7c7]} Qc6 39. b4) 38... Kxf8 $16 {[#]} 39. Qh8+ (39. b4 $1 $16) 39... Ke7 $11 {The position is equal.} 40. Qxh6 Qd6 41. Qe3 Qd2 42. Qc5+ $1 Kf6 43. Qg5+ $1 Kg7 44. Qe5+ $1 Kf8 45. Qb8+ $1 Kg7 46. Qe5+ Kh7 (46... Kg8 $5 47. Qb8+ $8 Kg7 48. Qe5+ $11) 47. Qf4 Kg7 48. Qe5+ Kg8 (48... Kf8 $5 49. Qb8+ $8 Kg7 50. Qe5+ $11) 49. Qb8+ $1 Kh7 (49... Kg7 $5 50. Qe5+ $8 $11) 50. Qf4 $1 {[%cal Rf4f7]} Kg8 51. Qb8+ Kg7 {( -> ...Qe1+)} (51... Kh7 $5 52. Qf4 $8 $11) 52. Qe5+ Kf8 53. Qb8+ $1 Ke7 (53... Kg7 $5 54. Qe5+ $8 $11) 54. Qc7+ Kf8 {Strongly threatening ...Qe1+.} (54... Kf6 $5 55. Qf4+ $8 Ke7 56. Qc7+ Kf6 57. Qf4+ Kg7 58. Qe5+ $11) 55. Qb8+ {Precision: White = 61%, Black = 38%.} 1/2-1/2

[Event "11th Mumbai Mayors Cup 2018"]
[Site "Mumbai"]
[Date "2018.06.06"]
[Round "6"]
[White "Neverov, Valeriy"]
[Black "Divya, Deshmukh"]
[Result "1-0"]
[WhiteElo "2492"]
[BlackElo "2138"]
[Annotator "TA"]
[PlyCount "61"]
[EventDate "2018.??.??"]
[EventType "swiss"]
[EventCountry "IND"]
[SourceTitle "playchess.com"]
[Source "ChessBase"]
[SourceQuality "1"]

{[%evp 15,61,43,56,61,53,48,68,54,82,85,98,102,109,91,95,95,95,85,82,73,252,254,391,377,637,638,652,672,660,621,875,885,865,735,732,720,665,649,640,621,596,603,635,628,585,558,942,517]} 1. d4 d5 2. c4 e6 3. Nf3 c6 4. Qc2 f5 5. Bf4 Nf6 6. e3 Be7 7. Nc3 Ne4 {A84: Dutch Defence: 2 c4 Miscellaneous} (7... O-O 8. h3 Ne4 9. Bd3 Nd7 10. g4 Ndf6 11. Ne5 Nxc3 12. bxc3 dxc4 13. Bxc4 Nd5 14. Bg3 Qa5 15. Rc1 Nxc3 16. Qd2 Bb4 17. Nd3 Nxa2 18. Nxb4 Nxc1 {1-0 (45) Ivanchuk,V (2739)-Bareev,E (2634) Moscow 2009}) 8. Be2 O-O {LiveBook: 6 Games} 9. h4 Nd7 {White is slightly better.} 10. g3 Ndf6 11. Ne5 Qa5 $146 ({Predecessor:} 11... Bd7 12. a3 Be8 13. c5 Nxc3 14. Qxc3 a5 15. b4 {0-1 (47) Andres Gonzalez,A (2531)-Argandona Riveiro,I (2375) San Sebastian 2013}) 12. O-O Nxc3 13. Qxc3 Qd8 14. Rac1 Bd7 15. Qb3 {Black must now prevent cxd5.} Qc8 16. Rc2 Be8 17. Rfc1 Bd6 $2 {[#]} (17... Bh5 $16) 18. Nxc6 $1 $18 {[%mdl 512]} Qxc6 (18... bxc6 $142 19. Bxd6 Rf7 20. cxd5 Nxd5) 19. cxd5 Qd7 $2 (19... Qxd5 20. Bc4 Qe4) 20. dxe6 {White is clearly winning.} Qe7 {[#]} 21. Rc7 $1 {[%mdl 512]} Bxc7 22. Rxc7 Nd7 23. exd7+ Bf7 24. Bc4 Bxc4 25. Qxc4+ Kh8 26. Bg5 Qd6 27. d8=Q Raxd8 28. Bxd8 Qxd8 29. Rxb7 a5 30. Qc7 {[%csl Gb7][%cal Rc7g7]} Qf6 31. Qe7 {Precision: White = 58%, Black = 35%.} 1-0

[Event "11th Mumbai Mayors Cup 2018"]
[Site "Mumbai"]
[Date "2018.06.06"]
[Round "6"]
[White "Harsha Bharathakoti"]
[Black "Kushagra Mohan"]
[Result "1/2-1/2"]
[WhiteElo "2471"]
[BlackElo "2308"]
[Annotator "TA"]
[PlyCount "72"]
[EventDate "2018.??.??"]
[EventType "swiss"]
[EventCountry "IND"]
[SourceTitle "playchess.com"]
[Source "ChessBase"]
[SourceQuality "1"]

{[%evp 16,72,29,29,27,24,35,-7,-19,-90,0,-6,0,0,0,-54,-46,-45,-43,-26,-36,-35,-43,-35,-40,-40,-51,-136,-133,-135,-139,-139,-145,-144,-144,-147,-149,-147,-136,-157,-156,-150,-120,-141,-111,-123,-65,-60,-58,-17,-28,-123,0,0,0,0,0,0,0]} 1. Nf3 Nf6 2. c4 g6 3. b3 Bg7 4. Bb2 O-O 5. g3 d5 6. Bg2 Nc6 {A05: Réti Opening: 1 Nf3 Nf6} 7. cxd5 Nxd5 8. Bxg7 Kxg7 9. d4 {LiveBook: 5 Games} Bg4 (9... Bf5 10. O-O Ndb4 11. Na3 a5 12. Qc1 Be4 13. Rd1 e6 14. Qb2 {0-1 (33) Grischuk,A (2767)-Morozevich,A (2665) Moscow 2018}) 10. O-O Qd6 11. Qd2 $146 (11. e4 $5 {[%cal Re4d5]} Ndb4 12. d5 Bxf3 13. Bxf3 $11) ({Predecessor:} 11. e4 Ndb4 12. d5 Ne5 13. Nbd2 c6 14. Nc4 Bxf3 15. Bxf3 Nxf3+ 16. Qxf3 {½-½ (27) Sachse,S (2455)-Koestner,W (2362) Remote email 2013}) 11... Rad8 12. Rd1 (12. e3 $11 {remains equal.}) 12... Nf6 (12... Ndb4 $17 13. d5 Nxd5) 13. e3 $1 $11 Bxf3 14. Bxf3 e5 {[%cal Re5d4]} 15. dxe5 (15. d5 $11 e4 16. Bg2) 15... Qxe5 16. Qc3 {[#]} Ne4 $1 {[%mdl 512]} 17. Qxe5+ (17. Bxe4 Rxd1+) 17... Nxe5 18. Be2 $1 Rxd1+ 19. Bxd1 Rd8 20. Be2 f5 $36 {[%mdl 2048] Black fights for an advantage.} 21. a3 ({Better is} 21. f3 $15 Nf6 22. a3) 21... Nc5 $17 22. Ra2 Nxb3 {[#] ...Nc1 is the strong threat.} 23. Rc2 c6 24. Kf1 Rd5 25. Rb2 Nc5 26. Nc3 Rd7 27. h3 a5 28. Rc2 Ned3 29. Bf3 Rc7 30. Ne2 b5 (30... Kf6 $17 31. Nd4 Ne6) 31. Nd4 $15 b4 {Threatens to win with ...b3.} 32. axb4 axb4 {White must now prevent ...b3.} 33. Ke2 (33. Be2 $1 $11 Rb7 34. Bxd3 Nxd3 35. Nb3) 33... Rb7 ({Black should play} 33... Kf6 $17 34. g4 fxg4 35. Bxg4 Ke7) 34. Bxc6 $11 {The position is equal.} b3 35. Bxb7 bxc2 36. Nxc2 Nxf2 {Precision: White = 45%, Black = 50%.} 1/2-1/2

[Event "11th Mumbai Mayors Cup 2018"]
[Site "Mumbai"]
[Date "2018.06.06"]
[Round "6"]
[White "Neelotpal, Das"]
[Black "Satkar, Chirag"]
[Result "1/2-1/2"]
[WhiteElo "2447"]
[BlackElo "2040"]
[Annotator "TA"]
[PlyCount "74"]
[EventDate "2018.??.??"]
[EventType "swiss"]
[EventCountry "IND"]
[SourceTitle "playchess.com"]
[Source "ChessBase"]
[SourceQuality "1"]

{[%evp 23,74,0,14,-17,9,0,20,14,30,25,53,48,47,44,54,53,43,54,70,70,64,-31,-34,-86,-93,-83,-82,-80,-82,-91,-89,-72,-33,-33,-33,-33,-33,-33,-33,-33,-48,-40,-42,-60,-40,-59,-54,-42,0,-29,0,-172,188]} 1. e4 e5 2. Nf3 Nc6 3. Bb5 a6 4. Ba4 Nf6 5. d3 d6 6. c3 g6 7. Nbd2 {[%cal Bb1d2,Bd2f1,Bf1g3][%mdl 32]} Bg7 8. Nf1 O-O 9. Ng3 b5 10. Bb3 {C77: Ruy Lopez: 3...a6 4 Ba4 Nf6, unusual lines} Nb8 $146 ({Predecessor:} 10... Na5 11. Bc2 c5 12. O-O Re8 13. Be3 Bb7 14. h3 Rc8 15. Re1 d5 16. Qc1 c4 17. Bh6 Bh8 {0-1 (53) Durarbayli,V (2584)-Negi,P (2657) St Petersburg 2012}) 11. O-O Nbd7 12. Re1 Bb7 {LiveBook: 3 Games} 13. d4 c6 14. h4 h5 15. Bg5 Qc7 16. Qd2 Kh7 17. Rad1 c5 18. dxe5 dxe5 19. Qd6 Qxd6 20. Rxd6 c4 21. Bc2 Bc8 22. Nxe5 (22. b3 $14) 22... Nxe5 $15 23. Bxf6 (23. Rxf6 $15 Bxf6 24. Bxf6) 23... Bxf6 $17 24. Rxf6 {[#]} Be6 $1 25. Ne2 Kg7 {[%mdl 1024] Black has strong compensation.} 26. Rf4 Rfd8 ({Worse is} 26... Nd3 27. Bxd3 cxd3 28. Nd4 $14) 27. Nd4 Bg4 (27... b4 $5) 28. a3 Rac8 {Threatens to win with ...Rxd4!} 29. Kf1 Re8 30. f3 Bd7 31. Ke2 f6 32. Rg1 Rh8 $1 33. g3 Rce8 34. Rd1 Rd8 35. Rg1 Rde8 36. Rd1 Rd8 37. g4 $2 {[#]} (37. Rg1 $1 $11) 37... Rc8 $4 {[%mdl 8192] Precision: White = 52%, Black = 41%.} (37... g5 $1 $19 {[%cal Rg5f4] and all is fine.} 38. hxg5 fxg5) 1/2-1/2

[Event "11th Mumbai Mayors Cup 2018"]
[Site "Mumbai"]
[Date "2018.06.06"]
[Round "6"]
[White "Manik, Mikulas"]
[Black "Kiran, Manisha Mohanty"]
[Result "1-0"]
[WhiteElo "2399"]
[BlackElo "2043"]
[Annotator "NA"]
[PlyCount "57"]
[EventDate "2018.??.??"]
[EventType "swiss"]
[EventCountry "IND"]
[SourceTitle "playchess.com"]
[Source "ChessBase"]
[SourceQuality "1"]
[TimeControl "5400+30"]

1. e4 {[%emt 0:00:00]} c5 {[%emt 0:00:05]} 2. Nf3 {[%emt 0:00:00]} d6 {[%emt 0:00:08]} 3. Bb5+ {[%emt 0:00:00]} Nd7 {[%emt 0:00:05]} 4. c3 {[%emt 0:00:00]} Ngf6 {[%emt 0:03:56]} 5. Qe2 {[%emt 0:00:19]} a6 {[%emt 0:00:59]} 6. Ba4 {[%emt 0:00:05]} b5 {[%emt 0:03:48]} 7. Bc2 {[%emt 0:00:04]} e5 {[%emt 0:02:41]} 8. d4 {[%emt 0:00:37] B51: Sicilian: Moscow Variation (3 Bb5+) without 3...Bd7} Be7 {[%emt 0:00:12]} 9. O-O {[%emt 0:01:14]} Qc7 {[%emt 0:02:25]} (9... O-O 10. Rd1 Qc7 11. h3 Bb7 12. d5 g6 13. Bg5 Rfe8 14. g4 h5 15. Nh2 Nxd5 16. exd5 Bxg5 17. gxh5 Nf6 18. hxg6 fxg6 19. Bxg6 {0-1 (26) Najer,E (2679)-Lu,S (2627) Doha 2016}) 10. a4 {[%emt 0:03:47]} Rb8 {[%emt 0:02:48]} 11. axb5 {[%emt 0:03:50]} axb5 {[%emt 0:00:33]} 12. Na3 {[%emt 0:03:04]} Ba6 $146 {[%emt 0:02:46]} ({Predecessor:} 12... Qb6 13. Rd1 {1-0 (107) Markidis,K (2343)-Bikadi,E (2025) Novi Sad 2015}) 13. dxe5 {[%emt 0:02:37]} Nxe5 {[%emt 0:08:35]} 14. Nxe5 {[%emt 0:00:50]} dxe5 {[%emt 0:06:02]} 15. c4 {[%emt 0:02:24]} b4 {[%emt 0:14:14]} 16. Ba4+ {[%emt 0:00:59]} Nd7 {[%emt 0:00:13]} 17. Rd1 {[%emt 0:03:11]} Rd8 {[%emt 0:00:51]} 18. Nc2 {[%emt 0:01:12]} Bb7 {[%emt 0:02:52]} 19. Qg4 {[%emt 0:07:01]} Bf6 {[%emt 0:01:51]} 20. Ne3 {[%emt 0:08:11]} h5 {[%emt 0:00:18]} 21. Qh3 {[%emt 0:01:22]} Bxe4 {[%emt 0:02:55]} 22. Nd5 {[%emt 0:00:31]} Bxd5 {[%emt 0:00:06]} 23. Rxd5 {[%emt 0:00:11]} Be7 {[%emt 0:14:54]} 24. Be3 {[%emt 0:01:53]} g5 $18 {[%emt 0:03:10]} (24... O-O $142 25. Bxd7 Ra8 26. Rxa8 Rxa8 27. Qxh5 Ra1+ 28. Rd1 g6) 25. Qf5 {[%emt 0:02:02]} Rh6 {[%emt 0:01:05]} 26. Rxd7 {[%emt 0:01:06]} Rxd7 {[%emt 0:00:17]} 27. Bxd7+ {[%emt 0:00:07]} Qxd7 {[%emt 0:00:09]} 28. Ra8+ {[%emt 0:00:10]} Bd8 {[%emt 0:00:17]} 29. Qxd7+ {[%emt 0:00:07]} 1-0

[Event "11th Mumbai Mayors Cup 2018"]
[Site "Mumbai"]
[Date "2018.06.06"]
[Round "6"]
[White "Tran, Minh Thang"]
[Black "Nair, Sanjeev"]
[Result "1-0"]
[WhiteElo "2383"]
[BlackElo "1915"]
[Annotator "ChessBase"]
[PlyCount "77"]
[EventDate "2018.??.??"]
[EventType "swiss"]
[EventCountry "IND"]
[SourceTitle "playchess.com"]
[Source "ChessBase"]
[SourceQuality "1"]
[TimeControl "5400+30"]

1. d4 {[%emt 0:03:35]} Nf6 {[%emt 0:00:12]} 2. Bf4 {[%emt 0:00:20]} g6 {[%emt 0:00:58]} 3. Nc3 {[%emt 0:00:07]} Bg7 {[%emt 0:02:45]} 4. e4 {[%emt 0:00:11]} d6 {[%emt 0:00:07]} 5. Qe2 {[%emt 0:00:09]} O-O {[%emt 0:05:28]} 6. O-O-O {[%emt 0:00:13]} c6 {[%emt 0:01:59]} 7. Nf3 {[%emt 0:05:35]} Qa5 {[%emt 0:08:05]} 8. Kb1 {[%emt 0:05:27]} Na6 {[%emt 0:18:28]} 9. h3 {[%emt 0:09:59]} Re8 {[%emt 0:11:26]} 10. e5 {[%emt 0:33:39]} Nd5 {[%emt 0:09:48]} 11. Bd2 {[%emt 0:00:20]} dxe5 {[%emt 0:23:25]} 12. dxe5 {[%emt 0:04:17]} Be6 {[%emt 0:01:26]} 13. a3 {[%emt 0:23:16]} Rad8 {[%emt 0:01:13]} 14. Ne4 {[%emt 0:01:28]} Qc7 {[%emt 0:05:47]} 15. Neg5 {[%emt 0:01:00]} Nc5 {[%emt 0:02:39]} 16. Qc4 {[%emt 0:02:13]} Qb6 {[%emt 0:01:27]} 17. Be2 {[%emt 0:05:32]} h6 {[%emt 0:03:10]} 18. Nxe6 {[%emt 0:00:07]} Nxe6 {[%emt 0:00:05]} 19. Rhf1 {[%emt 0:00:14]} Qc7 {[%emt 0:00:36]} 20. Qh4 {[%emt 0:00:37]} g5 {[%emt 0:00:36]} 21. Qg3 {[%emt 0:00:41]} Nef4 {[%emt 0:00:29]} 22. Bc4 {[%emt 0:00:05]} Ng6 {[%emt 0:00:30]} 23. Rfe1 {[%emt 0:00:38]} e6 {[%emt 0:00:21]} 24. h4 {[%emt 0:00:12]} f6 {[%emt 0:00:58]} 25. exf6 {[%emt 0:01:34]} Qxg3 {[%emt 0:00:16]} 26. fxg3 {[%emt 0:00:04]} Bxf6 {[%emt 0:00:20]} 27. hxg5 {[%emt 0:00:06]} hxg5 {[%emt 0:00:08]} 28. Nxg5 {[%emt 0:00:15]} Ne5 {[%emt 0:00:53]} 29. Bb3 {[%emt 0:00:33]} Rd7 {[%emt 0:00:45]} 30. Ne4 {[%emt 0:00:10]} Bg7 {[%emt 0:00:09]} 31. Bg5 {[%emt 0:01:20]} Ng4 {[%emt 0:00:52]} 32. Nc5 {[%emt 0:00:49]} Rf7 {[%emt 0:00:23]} 33. Nxe6 {[%emt 0:00:24]} Nf2 {[%emt 0:00:36]} 34. Nxg7 {[%emt 0:00:17]} Rxe1 {[%emt 0:00:09]} 35. Rxe1 {[%emt 0:00:06]} Kxg7 {[%emt 0:00:05]} 36. Be3 {[%emt 0:00:29]} Ng4 {[%emt 0:01:00]} 37. Bxa7 {[%emt 0:00:05]} Rd7 {[%emt 0:00:53]} 38. Bd4+ {[%emt 0:00:48]} Kg6 {[%emt 0:00:09]} 39. c3 {[%emt 0:00:07]} 1-0

[Event "11th Mumbai Mayors Cup 2018"]
[Site "Mumbai"]
[Date "2018.06.06"]
[Round "6"]
[White "Sidhant, Mohapatra"]
[Black "Ghosh, Diptayan"]
[Result "0-1"]
[WhiteElo "2370"]
[BlackElo "2536"]
[Annotator "TA"]
[PlyCount "110"]
[EventDate "2018.??.??"]
[EventType "swiss"]
[EventCountry "IND"]
[SourceTitle "playchess.com"]
[Source "ChessBase"]
[SourceQuality "1"]

{[%evp 22,110,-50,-41,-44,-66,-61,-85,-82,-93,-84,-122,-74,-107,-101,-91,-102,-106,-70,-122,-121,-122,-102,-117,-111,-123,-98,-113,-118,-129,-123,-207,-220,-216,-217,-231,-224,-274,-268,-268,-258,-275,-195,-322,-325,-392,-394,-470,-473,-410,-402,-447,-358,-363,-354,-349,-357,-463,-410,-514,-480,-447,-447,-447,-447,-503,-501,-491,-485,-453,-466,-824,-801,-780,-804,-753,-766,-720,-676,-693,-706,-723,-720,-6504,-6119,-5322,-2643,-29985,-909,-29986,-29987]} 1. Nf3 Nf6 2. g3 d5 3. Bg2 g6 4. b3 {[%cal Bb2b3,Bb3b4][%mdl 32]} Bg7 5. Bb2 c5 6. O-O O-O 7. c4 d4 8. b4 Re8 {A05: Réti Opening: 1 Nf3 Nf6} (8... Nc6 9. b5 Na5 10. d3 Qc7 11. Nbd2 e5 12. Ng5 h6 13. Nge4 Nxe4 14. Nxe4 Be6 15. Nd2 Rae8 16. Nb3 Nxb3 17. axb3 {1-0 (45) Artemiev,V (2653)-Li,C (2720) Doha 2016}) 9. bxc5 e5 10. d3 Na6 11. c6 bxc6 12. Nbd2 {LiveBook: 3 Games} Rb8 13. Nb3 $146 ({Predecessor:} 13. Rb1 Qa5 14. Nb3 Qxa2 15. Nfd2 c5 16. Qc2 {½-½ (34) Hausrath,D (2503)-Belov,V (2614) Berlin 2015}) 13... c5 14. Nfd2 Bf5 15. Ba3 Bf8 16. Rb1 h5 17. Ne4 Nxe4 18. Bxe4 Bxe4 19. dxe4 Qd7 20. Nd2 (20. Qd3 $1 $15) 20... Nb4 $17 21. Rb2 Rb6 {[%cal Bb8b6,Bb6a6,Ba6a4,Ba4a3][%mdl 32]} 22. Nf3 Qc6 23. Qb1 Ra6 24. Rb3 Qe6 25. Nd2 Ra4 26. Rd1 (26. f4 $17 {is a better defense.}) 26... Qa6 $19 27. Bxb4 cxb4 28. Rb2 {[#]} Ra3 $1 29. Nb3 Qxc4 30. Rc2 Qb5 31. Rd3 {intending Nxd4!} Qb7 32. f3 (32. Nc5 $142 Qc6 33. Rxa3 bxa3 34. Nd3 Qxe4 35. Qb5) 32... Rc8 33. Rxc8 Qxc8 34. Kg2 a5 {[%cal Ba7a5,Ba5a4][%mdl 32]} 35. Rd2 a4 36. Rc2 Qa6 37. Nc1 Rc3 {[#] ...Qc4 is the strong threat.} 38. Nd3 Qb5 39. Rb2 b3 40. axb3 Rxb3 41. Qc2 Rxb2 42. Nxb2 a3 43. Nd3 Qa5 {And now ...a2 would win.} 44. Qa2 Bd6 45. Kf2 Kg7 46. f4 (46. Kg1 $142 Qb6 47. Kf2) 46... exf4 47. gxf4 Qa8 48. e5 Be7 {aiming for ...Qh1.} 49. Ke1 Qe4 50. Kd1 h4 {[%cal Bh5h4,Bh4h3][%mdl 32]} 51. Qc4 h3 52. Qa4 Qh1+ 53. Kd2 Qa1 54. Nc1 Qc3+ 55. Kd1 Bb4 {Precision: White = 32%, Black = 79%.} 0-1

[Event "11th Mumbai Mayors Cup 2018"]
[Site "Mumbai"]
[Date "2018.06.06"]
[Round "6"]
[White "Saravana, Krishnan P."]
[Black "Burmakin, Vladimir"]
[Result "1/2-1/2"]
[WhiteElo "2359"]
[BlackElo "2528"]
[Annotator "TA"]
[PlyCount "87"]
[EventDate "2018.??.??"]
[EventType "swiss"]
[EventCountry "IND"]
[SourceTitle "playchess.com"]
[Source "ChessBase"]
[SourceQuality "1"]

{[%evp 13,87,24,27,24,36,18,22,18,28,27,41,0,24,21,28,26,29,28,31,17,14,7,10,20,16,12,43,19,25,33,41,25,26,0,8,13,0,0,0,0,0,-45,-31,-55,-26,-23,0,-40,-3,-4,0,-5,0,0,0,0,0,0,0,0,0,0,0,0,0,0,0,0,0,0,0,0,0,0,0,0]} 1. e4 d5 2. exd5 Qxd5 3. Nc3 Qd6 4. d4 Nf6 5. Nf3 c6 6. Ne5 Be6 {B01: Skandinavische Verteidigung} (6... Nbd7 7. Nc4 Qc7 8. Qf3 Nb6 9. Bf4 Qd7 10. Nxb6 axb6 11. O-O-O Qd8 12. h3 e6 13. Bc4 Be7 14. g4 {½-½ (32) Grischuk,A (2750)-Rapport,R (2698) chess.com INT 2017}) 7. Nc4 Qd8 {LiveBook: 9 Partien} 8. Be2 g6 {Weiß hat minimalen Vorteil.} 9. Bg5 Bg7 10. O-O O-O 11. Re1 $146 ({Vorgänger:} 11. a4 Na6 12. Ne5 Nb4 13. Bf3 Bf5 14. Rc1 Nfd5 15. Nxd5 Nxd5 {1-0 (51) Martin Gonzalez,A (2420)-Bermejo Arruego,L (2180) Ponferrada 1997}) 11... Na6 12. Ne3 Nc7 13. Bf3 Qd7 14. Qd2 Rad8 15. Rad1 Rfe8 16. Qe2 h6 17. Bh4 Ncd5 18. Ncxd5 Nxd5 19. Bg3 Nb6 20. c4 Qc8 21. d5 Bd7 $1 22. dxc6 (22. Bh4 {seems wilder.} g5 23. Bg3 e6 24. dxc6 Bxc6 25. b3) 22... Bxc6 23. Nd5 e5 24. Nxb6 axb6 25. Bxc6 bxc6 26. f3 c5 27. Bh4 Rxd1 28. Qxd1 Qa8 29. Qb1 $1 f5 30. Qd3 g5 31. Bf2 $1 {Die Stellung ist ausgeglichen.} e4 32. Qd7 f4 {[#] ...e3 ist eine echte Drohung.} 33. fxe4 Rxe4 34. Rd1 Qe8 35. Qxe8+ Rxe8 $11 {[%mdl 4096] Endspiel KTL-KTL} 36. Rd6 Re2 37. Rxb6 Rc2 {[#] Droht ...Tc1+ und aus.} 38. Bxc5 Bxb2 39. h4 (39. Rxh6 {keeps more tension.} Kf7 40. Rh7+ Ke6 41. Re7+ Kf5 42. Bb6) 39... Rxc4 40. Rxb2 {Und Lb4 würde nun gewinnen.} Rxc5 41. a4 Rc1+ 42. Kf2 Ra1 43. Rb4 Ra3 44. hxg5 {Precision: Weiß = 66%, Schwarz = 70%.} 1/2-1/2

[Event "11th Mumbai Mayors Cup 2018"]
[Site "Mumbai"]
[Date "2018.06.06"]
[Round "6"]
[White "Neelash Saha"]
[Black "Karthik Venkataraman"]
[Result "1/2-1/2"]
[WhiteElo "2333"]
[BlackElo "2475"]
[Annotator "TA"]
[PlyCount "25"]
[EventDate "2018.??.??"]
[EventType "swiss"]
[EventCountry "IND"]
[SourceTitle "playchess.com"]
[Source "ChessBase"]
[SourceQuality "1"]

{[%evp 9,25,-17,-5,-14,0,-10,14,0,0,-22,-5,-31,-25,-22,-20,-20,-4,-2]} 1. d4 Nf6 2. Bg5 d5 3. e3 c5 4. Bxf6 gxf6 5. Nc3 e6 6. Qh5 {D01: Veresov Opening} cxd4 7. exd4 Nc6 8. Nf3 (8. O-O-O Bb4 9. Nge2 Bd7 10. h4 Qe7 11. a3 Ba5 12. Rh3 O-O-O 13. Re3 {½-½ (39) Rapport,R (2707)-Vachier Lagrave,M (2789) Riadh 2017}) 8... Bd7 9. Bd3 f5 10. O-O {[#] Threatens to win with Rfe1.} Qf6 $1 11. Rfe1 {Black must now prevent Nxd5.} O-O-O 12. Bb5 Qg6 13. Qxg6 $146 ({Predecessor:} 13. Qh3 f6 14. Bxc6 bxc6 {1-0 (80) Bosch,J (2429)-Ftacnik,L (2559) Hamburg 2009}) 1/2-1/2

[Event "11th Mumbai Mayors Cup 2018"]
[Site "Mumbai"]
[Date "2018.06.06"]
[Round "6"]
[White "Rathanvel, V S"]
[Black "Visakh N R"]
[Result "1/2-1/2"]
[WhiteElo "2301"]
[BlackElo "2467"]
[Annotator "TA"]
[PlyCount "62"]
[EventDate "2018.??.??"]
[EventType "swiss"]
[EventCountry "IND"]
[SourceTitle "playchess.com"]
[Source "ChessBase"]
[SourceQuality "1"]

{[%evp 22,62,40,35,65,70,57,56,68,68,67,77,62,35,44,40,44,37,56,58,75,-9,120,145,128,128,129,129,126,70,111,143,186,188,206,191,201,158,204,102,102,117,124]} 1. e4 e5 2. Nf3 Nf6 {[%cal Bg8f6,Bf6e4,Be4d2][%mdl 32]} 3. Nxe5 d6 4. Nf3 Nxe4 5. d4 d5 6. Bd3 Nc6 7. O-O Be7 8. Nbd2 Nxd2 {C42: Petroff Defence: 3 Nxe5 and unusual White 3rd moves} 9. Bxd2 O-O 10. c3 Bg4 11. h3 Bh5 12. g3 {LiveBook: 19 Games} f5 $146 ({Predecessor:} 12... Qd7 13. Kg2 Rfe8 14. Qc2 Bg6 15. Bxg6 hxg6 16. Rfe1 b6 17. Bf4 Bd6 18. Bxd6 Qxd6 19. Re2 Re7 20. Rxe7 Nxe7 21. Re1 f6 22. h4 Qd7 23. Ng1 {½-½ (23) Bacrot,E (2715)-Bu,X (2710) Tbilisi 2017}) 13. Kg2 Kh8 14. Qc2 Qd7 15. Rae1 Bxf3+ 16. Kxf3 Bd6 17. Ke2 b5 18. Kd1 Rab8 19. g4 {[%cal Rd3f5]} fxg4 20. hxg4 g6 $1 21. Kc1 (21. f3 $16) 21... Kg8 (21... b4 $1 $11 {keeps the balance.}) 22. f4 $16 {[%cal Bf2f4,Bf4f5][%mdl 32]} b4 23. f5 $36 {[%mdl 2048] White is on the roll.} bxc3 24. Bxc3 Nb4 25. Bxb4 $1 Bxb4 26. Re5 Bd6 27. Rxd5 Qe7 28. Kb1 Qe3 29. Rd1 Rb6 30. Rb5 ({Don't do} 30. fxg6 $6 hxg6 31. Qc1 (31. Bxg6 Rf2 $17) 31... Qxc1+ 32. Rxc1 Rf3 $16) (30. g5 $18) 30... Rxb5 31. Bxb5 Kg7 {Precision: White = 63%, Black = 63%.} 1/2-1/2